LEADER 00765nam0 2200229 450 001 000011996 005 20181126114033.0 100 $a20080529d1955----km-y0itay50------ba 101 0 $aita 102 $aIT 105 $ay-------001yy 200 1 $a<>principio di legalità nelle democrazie italiane$elegislazione e dottrina politico-giuridica dell'età comunale$fUgo Nicolini 205 $a2. ed. 210 $aPadova$cCEDAM$d1955 215 $aXXIII, 418 p.$d26 cm 676 $a340.11$v20$9Diritto. Argomenti speciali 700 1$aNicolini,$bUgo$0238462 801 0$aIT$bUNIPARTHENOPE$c20080529$gRICA$2UNIMARC 912 $a000011996 951 $a342.02/107$b13029$cNAVA4 996 $aPrincipio di legalità nelle democrazie italiane$9656177 997 $aUNIPARTHENOPE LEADER 01235nam a2200337 i 4500 001 991001490699707536 008 060217s2005 riu b 000 0 eng d 020 $a0821838342 035 $ab13380606-39ule_inst 040 $aDip.to Matematica$beng 082 04$a512.4$222 084 $aAMS 16S37 084 $aAMS 16S30 084 $aLC QA247.P596 100 1 $aPolishchuk, Alexander$067582 245 10$aQuadratic algebras /$cAlexander Polishchuk, Leonid Positselski 260 $aProvidence, R.I. :$bAmerican Mathematical Society,$cc2005 300 $axii, 159 p. ;$c26 cm 440 0$aUniversity lecture series,$x1047-3998 ;$v37 504 $aIncludes bibliographical references 650 0$aQuadratic fields 650 0$aAssociative rings 650 0$aCommutative rings 650 0$aStochastic processes 700 1 $aPositselski, Leonid$eauthor$4http://id.loc.gov/vocabulary/relators/aut$0499475 907 $a.b13380606$b21-09-06$c20-02-06 912 $a991001490699707536 945 $aLE013 16S POL11 (2005)$g1$i2013000201740$lle013$op$pE29.81$q-$rl$s- $t0$u0$v0$w0$x0$y.i14209056$z21-03-06 996 $aQuadratic algebras$9741869 997 $aUNISALENTO 998 $ale013$b17-02-06$cm$da $e-$feng$griu$h0$i0